| 000 | 00687nam a2200217 i 4500 | ||
|---|---|---|---|
| 001 | 75832 | ||
| 003 | ES-MaACL | ||
| 005 | 20250825062719.0 | ||
| 007 | t| | ||
| 008 | 040928q1944 sp ||||1| spa d | ||
| 100 | 1 |
_aGrautoff, Erna. _959769 |
|
| 245 | 1 | 0 |
_aErna _b: la vida azarosa de George Sand / _cErna Grautoff ; traducción del alemán por José Lleonart. |
| 260 |
_aBarcelona : _bIberia ( _e[1944?] : _fAgustín Núñez) |
||
| 300 |
_a363 p. ; _c19 cm. |
||
| 600 | 1 | 4 |
_aSand, George, _d1804-1876- _xBiografías _9103061 |
| 655 | 0 |
_aBiografías _9176647 |
|
| 700 | 1 |
_aLleonart, José. _972759 |
|
| 852 |
_aES-MaACL _jB-7556 _bR.28755 |
||
| 942 | _2udc | ||
| 999 |
_c75832 _d75832 |
||